CSGO Terms Quiz - Statistics

General Stats
  • This quiz has been taken 7,400 times
    7,260 since last reset
  • The average score is 13 of 15
Answer Stats
Hint Answer % Correct
Two letters said at the end of a game GG
96%
Killing an enemy without scoping in No Scope
95%
Killing an entire time in competitive Ace
94%
Shortened name for the Desert Eagle Deagle
93%
Winning a round as the last player Clutch
91%
Two letters said at halftime GH
91%
Hitting or killing an opponent through a wall Wallbang
88%
To randomly give a weapon to a teammate Drop
84%
Slang term for the SSG 08 Scout
84%
Slang term for the Scar 20 or the G3SG1 Auto
83%
Letting a teammate die to get a kill Baiting
80%
The first round of competitive Pistol Round
78%
Leave an area to push a different one Rotate
70%
Short on Dust 2 Catwalk
64%
Killing two people with one bullet Collateral
64%
No matching quizzes found
Score Distribution
Percent of People with Each Score
Percentile by Number Answered
Your Score History
You have not taken this quiz since the last reset